<?xml version="1.0" encoding="UTF-8"?>
<record
    xmlns:xsi="http://www.w3.org/2001/XMLSchema-instance"
    xsi:schemaLocation="http://www.loc.gov/MARC21/slim http://www.loc.gov/standards/marcxml/schema/MARC21slim.xsd"
    xmlns="http://www.loc.gov/MARC21/slim">

  <leader>01484nam1a2200313 i 4500</leader>
  <controlfield tag="001">RU\NLR\BIBL_A\022195517</controlfield>
  <controlfield tag="005">20240922101412.0</controlfield>
  <datafield tag="010" ind1=" " ind2=" ">
    <subfield code="a">9785903232970</subfield>
    <subfield code="9">300</subfield>
  </datafield>
  <datafield tag="035" ind1=" " ind2=" ">
    <subfield code="a">(NLR Aleph) 022195517</subfield>
  </datafield>
  <datafield tag="090" ind1=" " ind2=" ">
    <subfield code="a">13027063</subfield>
    <subfield code="c">13027063</subfield>
  </datafield>
  <datafield tag="100" ind1=" " ind2=" ">
    <subfield code="a">20240412d2023    k  y0rusy50      ca</subfield>
  </datafield>
  <datafield tag="101" ind1="0" ind2=" ">
    <subfield code="a">rus</subfield>
  </datafield>
  <datafield tag="102" ind1=" " ind2=" ">
    <subfield code="a">RU</subfield>
  </datafield>
  <datafield tag="105" ind1=" " ind2=" ">
    <subfield code="a">||||z||||||||</subfield>
  </datafield>
  <datafield tag="181" ind1=" " ind2="0">
    <subfield code="a">i </subfield>
    <subfield code="b">axxe  </subfield>
  </datafield>
  <datafield tag="182" ind1=" " ind2="0">
    <subfield code="a">n</subfield>
  </datafield>
  <datafield tag="200" ind1="1" ind2=" ">
    <subfield code="a">&#x41C;&#x435;&#x442;&#x440;&#x43E;&#x43B;&#x43E;&#x433;&#x438;&#x44F; &#x433;&#x438;&#x434;&#x440;&#x43E;&#x430;&#x43A;&#x443;&#x441;&#x442;&#x438;&#x447;&#x435;&#x441;&#x43A;&#x438;&#x445; &#x438;&#x437;&#x43C;&#x435;&#x440;&#x435;&#x43D;&#x438;&#x439;. &#x422;&#x43E;&#x447;&#x43D;&#x430;&#x44F; &#x43A;&#x430;&#x43B;&#x438;&#x431;&#x440;&#x43E;&#x432;&#x43A;&#x430; &#x43F;&#x440;&#x438;&#x435;&#x43C;&#x43D;&#x438;&#x43A;&#x43E;&#x432; &#x43F;&#x43E;&#x434;&#x432;&#x43E;&#x434;&#x43D;&#x43E;&#x433;&#x43E; &#x437;&#x432;&#x443;&#x43A;&#x430; &#x43F;&#x43E; &#x441;&#x432;&#x43E;&#x431;&#x43E;&#x434;&#x43D;&#x43E;&#x43C;&#x443; &#x43F;&#x43E;&#x43B;&#x44E;</subfield>
    <subfield code="e">[&#x441;&#x431;&#x43E;&#x440;&#x43D;&#x438;&#x43A; &#x441;&#x442;&#x430;&#x442;&#x435;&#x439;]</subfield>
    <subfield code="e">&#x432; 2-&#x445; &#x442;&#x43E;&#x43C;&#x430;&#x445;</subfield>
    <subfield code="f">&#x410;. &#x415;. &#x418;&#x441;&#x430;&#x435;&#x432;</subfield>
  </datafield>
  <datafield tag="203" ind1=" " ind2=" ">
    <subfield code="a">&#x422;&#x435;&#x43A;&#x441;&#x442;</subfield>
    <subfield code="b">&#x432;&#x438;&#x437;&#x443;&#x430;&#x43B;&#x44C;&#x43D;&#x44B;&#x439;</subfield>
    <subfield code="c">&#x43D;&#x435;&#x43F;&#x43E;&#x441;&#x440;&#x435;&#x434;&#x441;&#x442;&#x432;&#x435;&#x43D;&#x43D;&#x44B;&#x439;</subfield>
  </datafield>
  <datafield tag="210" ind1=" " ind2=" ">
    <subfield code="a">&#x41C;&#x435;&#x43D;&#x434;&#x435;&#x43B;&#x435;&#x435;&#x432;&#x43E;</subfield>
    <subfield code="c">&#x412;&#x41D;&#x418;&#x418;&#x424;&#x422;&#x420;&#x418;</subfield>
    <subfield code="d">2023</subfield>
  </datafield>
  <datafield tag="215" ind1=" " ind2=" ">
    <subfield code="d">24</subfield>
  </datafield>
  <datafield tag="327" ind1="1" ind2=" ">
    <subfield code="a">&#x421;&#x43E;&#x434;&#x435;&#x440;&#x436;. &#x441;&#x442;. &#x410;. &#x415;. &#x418;&#x441;&#x430;&#x435;&#x432;&#x430;, &#x430; &#x442;&#x430;&#x43A;&#x436;&#x435; &#x441;&#x442;., &#x43D;&#x430;&#x43F;&#x438;&#x441;&#x430;&#x43D;. &#x432; &#x441;&#x43E;&#x43E;&#x430;&#x432;&#x442;.</subfield>
  </datafield>
  <datafield tag="606" ind1="1" ind2=" ">
    <subfield code="a">&#x413;&#x438;&#x434;&#x440;&#x43E;&#x430;&#x43A;&#x443;&#x441;&#x442;&#x438;&#x43A;&#x430;</subfield>
    <subfield code="j">&#x421;&#x431;&#x43E;&#x440;&#x43D;&#x438;&#x43A;&#x438;</subfield>
    <subfield code="x">&#x410;&#x43F;&#x43F;&#x430;&#x440;&#x430;&#x442;&#x44B; &#x438; &#x43F;&#x440;&#x438;&#x431;&#x43E;&#x440;&#x44B;</subfield>
    <subfield code="x">&#x41A;&#x430;&#x43B;&#x438;&#x431;&#x440;&#x43E;&#x432;&#x43A;&#x430;</subfield>
    <subfield code="9">2588135</subfield>
    <subfield code="3">RU\NLR\AUTH\6601739679</subfield>
  </datafield>
  <datafield tag="606" ind1="1" ind2=" ">
    <subfield code="a">&#x413;&#x438;&#x434;&#x440;&#x43E;&#x430;&#x43A;&#x443;&#x441;&#x442;&#x438;&#x447;&#x435;&#x441;&#x43A;&#x438;&#x435; &#x438;&#x437;&#x43C;&#x435;&#x440;&#x435;&#x43D;&#x438;&#x44F;</subfield>
    <subfield code="j">&#x421;&#x431;&#x43E;&#x440;&#x43D;&#x438;&#x43A;&#x438;</subfield>
    <subfield code="x">&#x41C;&#x435;&#x442;&#x440;&#x43E;&#x43B;&#x43E;&#x433;&#x438;&#x447;&#x435;&#x441;&#x43A;&#x43E;&#x435; &#x43E;&#x431;&#x435;&#x441;&#x43F;&#x435;&#x447;&#x435;&#x43D;&#x438;&#x435;</subfield>
    <subfield code="9">2170848</subfield>
    <subfield code="3">RU\NLR\AUTH\6601542389</subfield>
  </datafield>
  <datafield tag="686" ind1="1" ind2=" ">
    <subfield code="a">&#x417;875-5-082.01&#x44F;43</subfield>
  </datafield>
  <datafield tag="700" ind1=" " ind2="1">
    <subfield code="a">&#x418;&#x441;&#x430;&#x435;&#x432;</subfield>
    <subfield code="b">&#x410;. &#x415;.</subfield>
    <subfield code="g">&#x410;&#x43B;&#x435;&#x43A;&#x441;&#x430;&#x43D;&#x434;&#x440; &#x415;&#x432;&#x433;&#x435;&#x43D;&#x44C;&#x435;&#x432;&#x438;&#x447;</subfield>
  </datafield>
  <datafield tag="852" ind1=" " ind2=" ">
    <subfield code="a">NLR</subfield>
    <subfield code="j">2024-7/2009</subfield>
  </datafield>
  <datafield tag="942" ind1=" " ind2=" ">
    <subfield code="c">BOOK</subfield>
  </datafield>
</record>
